| 000 | 00602nas a2200193 i 4500 | ||
|---|---|---|---|
| 001 | 173072 | ||
| 003 | ES-MaACL | ||
| 005 | 20250217134833.0 | ||
| 008 | 091027c1946 sp a| | ||pa d | ||
| 080 | _a351.83(460)(058) | ||
| 245 | 0 | 0 |
_aAnuario político-social de España / _cpor Miguel de Vega y Haro y Fernando de Anchóriz de Andrés. |
| 260 |
_aBilbao : _b[s.n.], _c1946- |
||
| 300 |
_a3 v. ; _c25 cm. |
||
| 700 | 1 |
_aVega y Haro, Miguel de. _9141482 |
|
| 700 | 1 |
_aAnchóriz de Andrés, Fernando de. _9141483 |
|
| 852 |
_aES-MaACL _jHem-941 |
||
| 866 | 0 | _o1946-48. | |
| 999 |
_c173072 _d173072 |
||